Pravdepodobnostné modelovanie inverznými distribučnými funkciami: úvod do kvantilového modelovania 1. z cyklu prezentácií

Salvato in:
Dettagli Bibliografici
Autore principale: Sipková, Ľubica, 1962-
Natura: Libro
Lingua:slovacco
Pubblicazione: Bratislava [Katedra štatistiky FHI EU] 2008
Soggetti:
Tags: Aggiungi Tag
Nessun Tag, puoi essere il primo ad aggiungerne!!

MARC

LEADER 00000nam$a2200000$$$4500
001 0111750
005 20240502072234.3
041 0 |a slo 
044 |a SK 
245 1 0 |a Pravdepodobnostné modelovanie inverznými distribučnými funkciami: úvod do kvantilového modelovania  |b 1. z cyklu prezentácií  |c Ľubica Sipková 
264 1 |a Bratislava  |b [Katedra štatistiky FHI EU]  |c 2008 
610 2 0 |a modelovanie 
610 2 0 |a modelovanie matematické 
610 2 0 |a modely 
610 2 0 |a funkcie matematické 
610 2 0 |a teória pravdepodobnosti 
610 2 0 |a štatistika 
610 2 0 |a štatistika ekonomická 
610 2 0 |a štatistika matematická 
100 1 |a Sipková, Ľubica, 1962-